000 01173naa a22002777a 4500
001 BR8006670
003 BR-BrBNA
005 20240918174704.0
007 ta
008 230509b bl.||||| |||| 00| 0 por d
040 _aBR-BrBNA
_bpor
_cBiblioteca Nacional de Agricultura
041 _a(Pt)
072 _aK20; F40
_b/G514
090 _aK20 BR8006670
100 1 _aSantos, R.
111 1 _a2. Simposio Nacional de Ecologia
_cBelem, PA (Brazil)
_d19-23 Nov 1979
245 1 _aA politica florestal para a Amazonia e o projeto interministerial [Brasil]
260 3 _aBelem, PA (Brasil):
_c1980.
500 _aFreire, E.M. da S.; Vulcao, L.P.; Oliveira, D. de N.M. (eds.) Anais do 2. Simposio Nacional de Ecologia Belem, PA (Brasil): 1980. v. 1 p. 24-36 (BR8006670-AM)K20
650 _aPOLITICA FLORESTAL
650 _aECOLOGIA FLORESTAL
650 _aAMAZONIA
773 0 _tAnais do 2. Simposio Nacional de Ecologia
_aFreire, E.M. da S.; Vulcao, L.P.; Oliveira, D. de N.M. (eds.). Secretaria de Estado de Agricultura do Para, Belem (Brasil)
_wK20 BR8006670
_gBelem, PA (Brasil), 1980. v. 1 p. 24-36
909 _a202404
_bLucia
_c55
_dLucia Elande
942 _cAM
_2AGRIS
999 _c312892
_d312892